• 首页
  • 本馆介绍
  • 公告通知
  • 最新文献
  • 馆藏检索
  • 电子资源
  • 读者导购
  • 参考咨询
  • 我的图书馆
  • 登录
  • 详细信息显示
  • 放入我的书架
  • 预约/预借图书
  • 作者相关作品
  • 分类相关作品
  • 丛书相关作品
  • 出版社相关作品

书目信息

  • 表格格式
  • 工作单格式
  • 卡片格式
题名:
硕士学位研究生入学试题及选编数学
    
 
作者: ;本社科学技术编辑室 编
分册:  
出版信息: 吉林   人民出版社  1982
页数: 312页
开本: 26cm
丛书名:
单 册:
中图分类: O1-44
科图分类:
主题词: 数学--汇编--试题
电子资源:
ISBN: 13091·114
000 00742nam0 2200241 450
001 012000304415
005 20100712202107.0
010    @a13091·114@dCNY1.80
091    @a13091·114
100    @a20060119d1982 em y0chiy0110 ea
101 0  @achi@aeng
102    @aCN@b220000
105    @ay qz 000yy
106    @ar
200 1  @a硕士学位研究生入学试题及选编数学@9Shuo Shi Xue Wei Yan Jiu Sheng Ru Xue Shi Ti Ji Xuan Bian Shu;Shuo Xue @e1981全国重点高等院校@f本社科学技术编辑室编
210    @a吉林@c人民出版社@d1982
215    @a312页@d26cm
517 1  @a1981全国重点高等院校
606 0  @a数学@j汇编@x试题
690    @aO1-44@v4
711 02 @a本社科学技术编辑室@4编
801  0 @aCN@bAzMarc@c20130904
905    @aBZT@dO1-44@e1@f1@sO1-44/1
    
    硕士学位研究生入学试题及选编数学:1981全国重点高等院校/本社科学技术编辑室编.-吉林:人民出版社,1982
    312页;26cm
    
    
    ISBN 13091·114:CNY1.80
    
●
相关链接 在五车中查询图书 在当当中查询图书 在豆瓣中查询图书


正题名:硕士学位研究生入学试题及选编数学     索取号:O1-44/1         预约/预借

序号 登录号 条形码 馆藏地/架位号 状态 备注
1 2000088360   2000088360   旧书回溯/ [索取号:O1-44/1] 在馆    
山东省滨州职业学院图书馆 欢迎您!
大连网信软件有限公司© 版权所有